[Event "Quebec-ch U18"]
[Site "Montreal CAN"]
[Date "2012.11.24"]
[Round "3"]
[White "Cote-Lalumiere, Tristan"]
[Black "Kraiouchkine, Nikita"]
[Result "0-1"]
[WhiteElo "1862"]
[BlackElo "2321"]
[PlyCount "58"]
[GameId "2160767909411320"]
[EventDate "2012.11.23"]
[EventType "tourn"]
[EventRounds "4"]
[EventCountry "CAN"]
[SourceTitle "EXT 2022"]
[Source "ChessBase"]
[SourceDate "2021.10.06"]
[SourceVersion "1"]
[SourceVersionDate "2021.10.06"]
[SourceQuality "1"]

1. e4 c5 2. Nf3 e6 3. Nc3 Nc6 4. Be2 d5 5. exd5 exd5 6. d4 Nf6 7. Be3 c4 8. Ne5 Bb4 9. O-O Qa5 10. Nxc6 bxc6 11. Bd2 O-O 12. a3 Be7 13. Qc1 Qb6 14. Be3 Bf5 15. Nd1 Rab8 16. c3 Rfe8 17. Bf3 h6 18. Re1 Bd6 19. b3 Re7 20. Qd2 Rbe8 21. g4 Bc8 22. Kh1 Bb8 23. Rg1 Qc7 24. Rg2 h5 25. Kg1 Ne4 26. Bxe4 Rxe4 27. f3 R4e6 28. Bf2 Qe7 29. gxh5 Re2 0-1

[Event "Quebec-ch U18"]
[Site "Montreal CAN"]
[Date "2012.11.24"]
[Round "3"]
[White "Sprumont, Oscar"]
[Black "Leung, Chin"]
[Result "1-0"]
[WhiteElo "1978"]
[BlackElo "1718"]
[PlyCount "93"]
[GameId "2160767909411321"]
[EventDate "2012.11.23"]
[EventType "tourn"]
[EventRounds "4"]
[EventCountry "CAN"]
[SourceTitle "EXT 2022"]
[Source "ChessBase"]
[SourceDate "2021.10.06"]
[SourceVersion "1"]
[SourceVersionDate "2021.10.06"]
[SourceQuality "1"]

1. e4 c5 2. c3 Nf6 3. e5 Nd5 4. d4 cxd4 5. Nf3 Nc6 6. cxd4 d6 7. Bc4 Nb6 8. Bb5 a6 9. Bxc6+ bxc6 10. O-O Bf5 11. Nc3 e6 12. Bg5 Be7 13. Bxe7 Qxe7 14. Rc1 O-O 15. Re1 Nd5 16. Nxd5 cxd5 17. Rc6 dxe5 18. dxe5 Qb7 19. Nd4 Bg6 20. Qd2 Rac8 21. Rec1 Rxc6 22. Nxc6 h6 23. b4 Kh7 24. Rc5 Qd7 25. Qc3 f6 26. h3 Bb1 27. Qb2 Be4 28. f3 Bf5 29. Qa3 d4 30. Kf2 d3 31. Ke1 fxe5 32. Qc3 e4 33. Ne5 Qa4 34. Rc7 Qc2 35. Qxc2 dxc2 36. g4 Bg6 37. Nxg6 Kxg6 38. fxe4 Rf4 39. Rxc2 Rxe4+ 40. Re2 Rxe2+ 41. Kxe2 Kf6 42. Ke3 Ke5 43. a4 Kd5 44. b5 axb5 45. axb5 Kc5 46. Ke4 Kxb5 47. Ke5 1-0

[Event "Quebec-ch U18"]
[Site "Montreal CAN"]
[Date "2012.11.25"]
[Round "4"]
[White "Leung, Chin"]
[Black "Kraiouchkine, Nikita"]
[Result "0-1"]
[WhiteElo "1718"]
[BlackElo "2321"]
[PlyCount "106"]
[GameId "2160767909411322"]
[EventDate "2012.11.23"]
[EventType "tourn"]
[EventRounds "4"]
[EventCountry "CAN"]
[SourceTitle "EXT 2022"]
[Source "ChessBase"]
[SourceDate "2021.10.06"]
[SourceVersion "1"]
[SourceVersionDate "2021.10.06"]
[SourceQuality "1"]

1. e4 c5 2. Nf3 Nc6 3. d4 cxd4 4. Nxd4 Nf6 5. Nc3 e6 6. Bg5 Bb4 7. Nde2 h6 8. Bxf6 Qxf6 9. Qd2 d5 10. exd5 exd5 11. Qe3+ Be6 12. O-O-O O-O 13. Nxd5 Bxd5 14. Rxd5 Rac8 15. Qf4 Qe6 16. Qf5 Be1 17. a3 Bxf2 18. Qxe6 fxe6 19. Rd7 Be3+ 20. Kb1 Ne5 21. Rxb7 Ng4 22. Ng3 Rf2 23. Bd3 Rxg2 24. Ne4 Ne5 25. Nd6 Rd8 26. Nc4 Nxd3 27. Nxe3 Re2 28. Rg1 Re1+ 29. Rxe1 Nxe1 30. Rxa7 Nf3 31. b4 Nd4 32. a4 Nf5 33. Ng4 Rd4 34. Nxh6+ gxh6 35. c3 Rc4 36. Kb2 e5 37. Ra5 Re4 38. Rd5 Kf7 39. b5 Ke6 40. b6 Nd6 41. Rb5 Rxa4 42. b7 Nxb7 43. Rxb7 Rh4 44. Rb6+ Kf5 45. c4 Rxh2+ 46. Kc3 Rh3+ 47. Kd2 h5 48. Rb1 Ke4 49. Re1+ Kd4 50. Kd1 e4 51. Re2 e3 52. Rc2 Kd3 53. Kc1 e2 0-1

[Event "Quebec-ch U18"]
[Site "Montreal CAN"]
[Date "2012.11.25"]
[Round "4"]
[White "Nikulich, Oleksandr"]
[Black "Cote-Lalumiere, Tristan"]
[Result "1-0"]
[WhiteElo "1846"]
[BlackElo "1862"]
[PlyCount "55"]
[GameId "2160767909411323"]
[EventDate "2012.11.23"]
[EventType "tourn"]
[EventRounds "4"]
[EventCountry "CAN"]
[SourceTitle "EXT 2022"]
[Source "ChessBase"]
[SourceDate "2021.10.06"]
[SourceVersion "1"]
[SourceVersionDate "2021.10.06"]
[SourceQuality "1"]

1. Nf3 Nf6 2. c4 b5 3. b3 g6 4. Bb2 Bg7 5. e3 bxc4 6. Bxc4 d5 7. Be2 O-O 8. Nc3 Ba6 9. Na4 Ne4 10. Bxg7 Kxg7 11. Rc1 Qd6 12. O-O Nd7 13. Bxa6 Qxa6 14. Rxc7 Qd6 15. Rc2 h5 16. d4 Rh8 17. Nc5 Ndf6 18. Nxe4 dxe4 19. Nd2 Ng4 20. g3 Qe6 21. Re1 h4 22. Nf1 Rh6 23. h3 Nxf2 24. Rxf2 hxg3 25. Nxg3 Rxh3 26. Rg2 Rah8 27. Rf1 Qd6 28. Nf5+ 1-0

[Event "Quebec-ch U18"]
[Site "Montreal CAN"]
[Date "2012.11.25"]
[Round "5"]
[White "Kraiouchkine, Nikita"]
[Black "Sprumont, Oscar"]
[Result "1-0"]
[WhiteElo "2321"]
[BlackElo "1978"]
[PlyCount "35"]
[GameId "2160767909411324"]
[EventDate "2012.11.23"]
[EventType "tourn"]
[EventRounds "4"]
[EventCountry "CAN"]
[SourceTitle "EXT 2022"]
[Source "ChessBase"]
[SourceDate "2021.10.06"]
[SourceVersion "1"]
[SourceVersionDate "2021.10.06"]
[SourceQuality "1"]

1. e4 e5 2. Nf3 Nc6 3. d4 exd4 4. Bc4 Nf6 5. Ng5 Ne5 6. Bb3 h6 7. f4 hxg5 8. fxe5 Nxe4 9. Bxf7+ Kxf7 10. Qf3+ Nf6 11. O-O d6 12. exf6 gxf6 13. Bxg5 Be7 14. Nd2 d5 15. Rae1 Be6 16. Nb3 f5 17. Nxd4 Bxg5 18. Nxe6 1-0

[Event "Quebec-ch U18"]
[Site "Montreal CAN"]
[Date "2012.11.25"]
[Round "5"]
[White "Leung, Chin"]
[Black "Nikulich, Oleksandr"]
[Result "0-1"]
[WhiteElo "1718"]
[BlackElo "1846"]
[PlyCount "70"]
[GameId "2160767909411325"]
[EventDate "2012.11.23"]
[EventType "tourn"]
[EventRounds "4"]
[EventCountry "CAN"]
[SourceTitle "EXT 2022"]
[Source "ChessBase"]
[SourceDate "2021.10.06"]
[SourceVersion "1"]
[SourceVersionDate "2021.10.06"]
[SourceQuality "1"]

1. e4 e5 2. Nf3 Nc6 3. Bb5 a6 4. Ba4 Nf6 5. d3 b5 6. Bb3 Be7 7. Nbd2 O-O 8. Nf1 d5 9. exd5 Nxd5 10. Ne3 Be6 11. O-O Nf4 12. Bxe6 Nxe6 13. Nf5 Bf6 14. Nd2 Ncd4 15. Ng3 g6 16. Nde4 Bg7 17. c3 Nc6 18. Be3 Qd7 19. Qc2 Rfe8 20. Rad1 Qe7 21. b4 f5 22. Bc5 Qf7 23. Nd2 Nxc5 24. bxc5 Rad8 25. Nf3 Bf6 26. a4 Rd5 27. axb5 axb5 28. Qb2 Rxc5 29. d4 exd4 30. cxd4 Rd5 31. Qc1 Nxd4 32. Ng5 Bxg5 33. Qxg5 Ne2+ 34. Nxe2 Rxd1 35. Rxd1 Rxe2 0-1

[Event "Quebec-ch classe"]
[Site "Montreal CAN"]
[Date "2012.01.19"]
[Round "1"]
[White "Couture, Jonathan"]
[Black "Lepine, Cedric"]
[Result "0-1"]
[WhiteElo "1812"]
[BlackElo "2068"]
[PlyCount "84"]
[GameId "2160767909572706"]
[EventDate "2012.01.20"]
[EventType "swiss"]
[EventRounds "5"]
[EventCountry "CAN"]
[SourceTitle "hb 2012"]

1. c4 Nf6 2. Nc3 g6 3. e4 d6 4. d4 Bg7 5. f4 O-O 6. Nf3 c5 7. d5 e6 8. Be2 Re8 9. Nd2 exd5 10. cxd5 Na6 11. O-O Nc7 12. a4 Rb8 13. Qc2 Nfxd5 14. Nc4 Nxc3 15. bxc3 d5 16. Rd1 Qe7 17. Ne3 d4 18. Nc4 Qxe4 19. Qxe4 Rxe4 20. Bf3 Re7 21. Ne5 f6 22. Nd3 c4 23. Ba3 Re8 24. Bd6 cxd3 25. Bxc7 Ra8 26. cxd4 Re7 27. Ba5 Bf5 28. Bd5+ Kh8 29. Bc4 b6 30. Be1 Rd7 31. Bf2 Rad8 32. Bxd3 Bg4 33. Re1 f5 34. Re5 Bxe5 35. fxe5 Rxd4 36. Bxd4 Rxd4 37. e6 Rxd3 38. Kf2 f4 39. Re1 Re3 40. Rxe3 fxe3+ 41. Kxe3 Bxe6 42. Kd4 Bd7 0-1

[Event "Quebec-ch classe"]
[Site "Montreal CAN"]
[Date "2012.01.20"]
[Round "1"]
[White "Chabot, Roland"]
[Black "Robichaud, Louis"]
[Result "1/2-1/2"]
[WhiteElo "2129"]
[BlackElo "1998"]
[PlyCount "117"]
[GameId "2160767909572707"]
[EventDate "2012.01.20"]
[EventType "swiss"]
[EventRounds "5"]
[EventCountry "CAN"]
[SourceTitle "EXT 2022"]
[Source "ChessBase"]
[SourceDate "2021.10.06"]
[SourceVersion "1"]
[SourceVersionDate "2021.10.06"]
[SourceQuality "1"]

1. Nf3 Nf6 2. c4 g6 3. g3 Bg7 4. Bg2 O-O 5. O-O d6 6. Nc3 e5 7. d3 Nc6 8. Rb1 h6 9. b4 a6 10. a4 Be6 11. b5 axb5 12. axb5 Ne7 13. Qb3 c6 14. Ba3 Ne8 15. Nd2 f5 16. e3 Nf6 17. Rfe1 Qd7 18. f4 exf4 19. gxf4 c5 20. Nf3 Rae8 21. Bb2 Kh8 22. d4 Qc8 23. d5 Bf7 24. Nd2 g5 25. Ne2 Ng6 26. Nf1 Ne4 27. Bxg7+ Kxg7 28. Nfg3 Nxg3 29. Nxg3 Nh4 30. Qc3+ Kh7 31. Rb2 Bg6 32. Rf2 Qd8 33. Ref1 Qe7 34. Re2 Qg7 35. Qxg7+ Kxg7 36. Ra1 Rf7 37. Kf2 Rfe7 38. Bf1 g4 39. Ra3 h5 40. Bg2 Nxg2 41. Kxg2 h4 42. Nf1 Kf6 43. Rc2 Bh5 44. Kf2 Rg8 45. Rcc3 Reg7 46. Kg2 g3 47. hxg3 hxg3 48. e4 fxe4 49. Rxg3 Kf5 50. Rxg7 Rxg7+ 51. Rg3 Bf3+ 52. Kf2 Rh7 53. Ke3 Rh1 54. Rg5+ Kf6 55. Kf2 Rh3 56. Rg8 Bh5 57. Rg3 Rh4 58. Ke3 Bf3 59. Rg5 1/2-1/2

[Event "Quebec-ch classe"]
[Site "Montreal CAN"]
[Date "2012.01.20"]
[Round "1"]
[White "Gelet, Seymour"]
[Black "Zhu, Hong Rui"]
[Result "1/2-1/2"]
[WhiteElo "2015"]
[BlackElo "2130"]
[PlyCount "37"]
[GameId "2160767909572708"]
[EventDate "2012.01.20"]
[EventType "swiss"]
[EventRounds "5"]
[EventCountry "CAN"]
[SourceTitle "EXT 2022"]
[Source "ChessBase"]
[SourceDate "2021.10.06"]
[SourceVersion "1"]
[SourceVersionDate "2021.10.06"]
[SourceQuality "1"]

1. d4 d5 2. c4 e6 3. Nc3 Nf6 4. Bg5 Be7 5. e3 O-O 6. Nf3 Nbd7 7. Rc1 a6 8. c5 b6 9. c6 Nb8 10. Qa4 a5 11. a3 Ba6 12. Nb5 Ne4 13. Bf4 Bd6 14. Nxd6 Nxd6 15. Bxd6 Qxd6 16. Bxa6 Rxa6 17. O-O Rd8 18. Rc3 Qe7 19. Rfc1 1/2-1/2

[Event "Quebec-ch classe"]
[Site "Montreal CAN"]
[Date "2012.01.20"]
[Round "1"]
[White "Gueorguiev, Valentin"]
[Black "Libersan, Thierry"]
[Result "1-0"]
[WhiteElo "1988"]
[BlackElo "2118"]
[PlyCount "187"]
[GameId "2160767909572709"]
[EventDate "2012.01.20"]
[EventType "swiss"]
[EventRounds "5"]
[EventCountry "CAN"]
[SourceTitle "hb 2012"]

1. Nf3 c5 2. g3 b6 3. Bg2 Bb7 4. O-O Nf6 5. c4 g6 6. b3 Bg7 7. Bb2 O-O 8. d4 cxd4 9. Qxd4 Nc6 10. Qf4 d6 11. Nc3 Nd7 12. Rfd1 a6 13. Rab1 Nce5 14. Nd5 Bxd5 15. Rxd5 b5 16. Nxe5 Nxe5 17. c5 Rc8 18. cxd6 exd6 19. Qd2 Qe7 20. Rxd6 Rfd8 21. Rxd8+ Rxd8 22. Qc2 Qd6 23. Qe4 f5 24. Qf4 h6 25. h3 a5 26. Bf1 b4 27. e4 fxe4 28. Qxe4 Kh7 29. h4 Qd5 30. Bg2 Qxe4 31. Bxe4 h5 32. Bc1 Rd1+ 33. Kg2 Re1 34. Be3 Re2 35. Rd1 Ng4 36. Kf3 Rxa2 37. Bb6 Rb2 38. Bd5 Bc3 39. Be6 Ne5+ 40. Kg2 Kg7 41. Bxa5 Kf6 42. Bd5 Ng4 43. Bb6 Re2 44. Bc4 Rb2 45. Rd6+ Kg7 46. Rd7+ Kh8 47. Re7 Rd2 48. Bc5 Ra2 49. Re8+ Kh7 50. Re7+ Kh8 51. Re6 Kg7 52. Bd3 Ne5 53. Be4 Re2 54. Bxb4 Bxb4 55. Rxe5 Kf6 56. Re8 Bc5 57. Kh3 Bxf2 58. Bxg6 Rb2 59. Bxh5 Bxg3 60. Kxg3 Rxb3+ 61. Bf3 Rb4 62. Rc8 Rd4 63. Rc6+ Kg7 64. h5 Rb4 65. Bg4 Rb2 66. Kf4 Rb4+ 67. Kg5 Rb5+ 68. Bf5 Rb8 69. Rc7+ Kh8 70. Kh6 Re8 71. Bg6 Rf8 72. Be4 Rf6+ 73. Kg5 Rf8 74. Kg6 Rg8+ 75. Kh6 Rg7 76. Rc6 Rh7+ 77. Kg5 Rg7+ 78. Bg6 Rg8 79. h6 Rb8 80. Re6 Ra8 81. Re7 Ra5+ 82. Bf5 Ra8 83. Kg6 Rg8+ 84. Rg7 Re8 85. Rh7+ Kg8 86. Bd7 Re1 87. Bf5 Re8 88. Rd7 Kh8 89. Kg5 Ra8 90. Re7 Rg8+ 91. Bg6 Rb8 92. Bf7 Rb6 93. Re8+ Kh7 94. Bg8+ 1-0

[Event "Quebec-ch classe"]
[Site "Montreal CAN"]
[Date "2012.01.20"]
[Round "1"]
[White "Hirth, Julien"]
[Black "Hebert, Jean"]
[Result "0-1"]
[WhiteElo "2058"]
[BlackElo "2412"]
[PlyCount "112"]
[GameId "2160767909572710"]
[EventDate "2012.01.20"]
[EventType "swiss"]
[EventRounds "5"]
[EventCountry "CAN"]
[SourceTitle "hb 2012"]

1. g3 e5 2. c4 Nf6 3. Bg2 d5 4. cxd5 Nxd5 5. Nc3 Nb6 6. e3 Nc6 7. Nge2 Bd6 8. O-O O-O 9. f4 f5 10. fxe5 Nxe5 11. d4 Ng4 12. e4 fxe4 13. Bxe4 Rxf1+ 14. Qxf1 c6 15. Nf4 Bxf4 16. Qxf4 Qxd4+ 17. Kg2 Qf6 18. h3 Qxf4 19. Bxf4 Nf6 20. Bf3 Be6 21. Re1 Kf7 22. Be5 Rd8 23. b3 Rd3 24. Bxf6 gxf6 25. Bh5+ Ke7 26. Bg4 Rxc3 27. Rxe6+ Kf7 28. Re2 Rc5 29. Rf2 Nd5 30. Bc8 b6 31. g4 h6 32. Bf5 Rc3 33. h4 Ne3+ 34. Kh2 Nxf5 35. gxf5 Rd3 36. Rc2 c5 37. b4 Rd5 38. bxc5 Rxc5 39. Rd2 Rxf5 40. Rd7+ Kg6 41. Rxa7 Ra5 42. Rb7 Rxa2+ 43. Kg3 Rb2 44. Rb8 Rb3+ 45. Kg4 h5+ 46. Kf4 Rb4+ 47. Kf3 Kf5 48. Rf8 b5 49. Rf7 Rb3+ 50. Kg2 b4 51. Rf8 Rc3 52. Rb8 Rc4 53. Kg3 Ke4 54. Re8+ Kd3 55. Re6 b3 56. Rxf6 Kc2 0-1

[Event "Quebec-ch classe"]
[Site "Montreal CAN"]
[Date "2012.01.20"]
[Round "1"]
[White "Kovalyov, Anton"]
[Black "Lopez Linares, Lizandro"]
[Result "1-0"]
[WhiteElo "2599"]
[BlackElo "2065"]
[PlyCount "45"]
[GameId "2160767909572711"]
[EventDate "2012.01.20"]
[EventType "swiss"]
[EventRounds "5"]
[EventCountry "CAN"]
[SourceTitle "EXT 2022"]
[Source "ChessBase"]
[SourceDate "2021.10.06"]
[SourceVersion "1"]
[SourceVersionDate "2021.10.06"]
[SourceQuality "1"]

1. c4 e6 2. g3 d5 3. Bg2 Nf6 4. Nf3 Be7 5. O-O O-O 6. b3 c5 7. Bb2 Nc6 8. cxd5 exd5 9. d4 Be6 10. Nc3 Rc8 11. dxc5 Bxc5 12. Rc1 Qe7 13. Na4 Bb4 14. Nd4 Rfd8 15. e3 Ba3 16. Bxa3 Qxa3 17. Nxe6 fxe6 18. Nc5 Qxa2 19. Nxe6 Rd6 20. Nc5 b6 21. Nb7 Rd7 22. Bh3 Rxb7 23. Bxc8 1-0

[Event "Quebec-ch classe"]
[Site "Montreal CAN"]
[Date "2012.01.20"]
[Round "1"]
[White "Luo, Zhao Yang"]
[Black "Kraiouchkine, Nikita"]
[Result "0-1"]
[WhiteElo "2055"]
[BlackElo "2331"]
[PlyCount "70"]
[GameId "2160767909572712"]
[EventDate "2012.01.20"]
[EventType "swiss"]
[EventRounds "5"]
[EventCountry "CAN"]
[SourceTitle "hb 2012"]

1. d4 Nf6 2. Nf3 e6 3. e3 b6 4. Bd3 Bb7 5. O-O d5 6. b3 Nbd7 7. Bb2 Ne4 8. Ne5 Nxe5 9. dxe5 Qg5 10. Bxe4 dxe4 11. Qe2 O-O-O 12. Nd2 f5 13. exf6 gxf6 14. Rfd1 Rg8 15. g3 h5 16. Qc4 Qg4 17. Bxf6 Rd7 18. Nf1 Bd6 19. h4 Rg6 20. Nh2 Qf5 21. Bg5 Kb8 22. a4 Rf7 23. Rd2 Rxg5 24. hxg5 h4 25. Qb5 Bd5 26. Qe8+ Kb7 27. Kg2 hxg3 28. a5 a6 29. fxg3 Bc6 30. Qg8 Rf8 31. Qg7 Be5 32. Qxf8 Qxf8 33. Rf1 Qg8 34. Ng4 Bc3 35. Rdf2 Qxg5 0-1

[Event "Quebec-ch classe"]
[Site "Montreal CAN"]
[Date "2012.01.20"]
[Round "1"]
[White "Trottier, Emile"]
[Black "Bouchard, Jean-Marc"]
[Result "0-1"]
[WhiteElo "2096"]
[BlackElo "1873"]
[PlyCount "96"]
[GameId "2160767909572713"]
[EventDate "2012.01.20"]
[EventType "swiss"]
[EventRounds "5"]
[EventCountry "CAN"]
[SourceTitle "hb 2012"]

1. e4 e6 2. d4 d5 3. e5 Bd7 4. Nf3 a6 5. c3 Bb5 6. Bxb5+ axb5 7. O-O h6 8. b3 Nd7 9. Qe2 c6 10. Nbd2 Ne7 11. c4 bxc4 12. bxc4 dxc4 13. Nxc4 Nd5 14. Bd2 b5 15. Ne3 Nf4 16. Qd1 Nb6 17. g3 Nfd5 18. Qc2 Qd7 19. Ne1 Nxe3 20. fxe3 Ba3 21. Nd3 Nc4 22. Kf2 O-O 23. Ke2 Ra4 24. h4 Be7 25. Rf3 Na3 26. Qb3 Qd5 27. Qxd5 exd5 28. Kd1 Rfa8 29. Bc1 Nc4 30. Rf2 Ba3 31. e6 fxe6 32. Ne5 Nxe5 33. dxe5 Re4 34. Rc2 Rxe5 35. Rxc6 Bxc1 36. Raxc1 Rxa2 37. Rb6 Rxe3 38. g4 Rd3+ 39. Ke1 Rg3 40. Kf1 Rxg4 41. Rxe6 Rxh4 42. Kg1 Re4 43. Rd6 d4 44. Rb1 Ree2 45. Rxd4 Rg2+ 46. Kh1 Rh2+ 47. Kg1 Rag2+ 48. Kf1 Rh1+ 0-1

[Event "Quebec-ch classe"]
[Site "Montreal CAN"]
[Date "2012.01.21"]
[Round "1"]
[White "Chiku-Ratte, Olivier-Kenta"]
[Black "Poulin, Mathieu"]
[Result "1/2-1/2"]
[WhiteElo "2165"]
[BlackElo "2023"]
[PlyCount "112"]
[GameId "2160767909572714"]
[EventDate "2012.01.20"]
[EventType "swiss"]
[EventRounds "5"]
[EventCountry "CAN"]
[SourceTitle "hb 2012"]

1. d4 d5 2. c4 e6 3. Nc3 Nf6 4. cxd5 exd5 5. Bg5 Be7 6. e3 c6 7. Bd3 Nbd7 8. Qc2 O-O 9. h3 Re8 10. Nf3 Nf8 11. Bf4 Bd6 12. Bxd6 Qxd6 13. O-O Ne6 14. Rab1 a5 15. a3 c5 16. dxc5 Nxc5 17. Rfd1 g6 18. Nd4 Qe7 19. Rbc1 Rd8 20. Na4 Ne6 21. Nb6 Nxd4 22. exd4 Rb8 23. Qa4 Be6 24. Qxa5 Nh5 25. Qd2 Qf6 26. Na4 Nf4 27. Bf1 Qg5 28. Kh2 Bf5 29. Rc3 Be4 30. g3 Ne6 31. Qxg5 Nxg5 32. Bg2 Rdc8 33. Rdc1 Rxc3 34. Rxc3 Bxg2 35. Kxg2 Ne6 36. Rd3 Rc8 37. Nc3 Rd8 38. Ne2 Rc8 39. Rb3 Rc7 40. Rb5 Kf8 41. Nc3 Nxd4 42. Rxd5 Ne6 43. Rb5 Rd7 44. Ne4 Ke7 45. Nc5 Nxc5 46. Rxc5 h5 47. h4 Kd6 48. Rc3 Ke5 49. Kf3 Kf5 50. b4 Ke5 51. Ke2 Ke6 52. Re3+ Kf6 53. b5 Rd5 54. a4 Rd4 55. Re8 Rxa4 56. Rb8 Re4+ 1/2-1/2

[Event "Quebec-ch classe"]
[Site "Montreal CAN"]
[Date "2012.01.21"]
[Round "1"]
[White "Jiang, Louie"]
[Black "Gagnon, Serge"]
[Result "1-0"]
[WhiteElo "2349"]
[BlackElo "2057"]
[PlyCount "55"]
[GameId "2160767909572715"]
[EventDate "2012.01.20"]
[EventType "swiss"]
[EventRounds "5"]
[EventCountry "CAN"]
[SourceTitle "hb 2012"]

1. e4 d6 2. Nc3 Nf6 3. f4 g6 4. Nf3 c6 5. a4 Bg7 6. Bc4 d5 7. exd5 cxd5 8. Bb5+ Nbd7 9. d4 O-O 10. O-O Nb6 11. Qe2 Bf5 12. a5 Nc8 13. a6 b6 14. Ne5 Be4 15. Bc6 Rb8 16. Nb5 Nd6 17. Nxa7 Qc7 18. Nb5 Nxb5 19. Qxb5 Bxc2 20. a7 Ra8 21. Bxa8 Rxa8 22. Qc6 Qxc6 23. Nxc6 Kf8 24. Bd2 Ke8 25. Bb4 Kd7 26. Ne5+ Ke6 27. Rfc1 Bb3 28. Rc7 1-0

[Event "Quebec-ch classe"]
[Site "Montreal CAN"]
[Date "2012.01.21"]
[Round "2"]
[White "Gagnon, Serge"]
[Black "Luo, Zhao Yang"]
[Result "0-1"]
[WhiteElo "2057"]
[BlackElo "2094"]
[PlyCount "132"]
[GameId "2160767909572716"]
[EventDate "2012.01.20"]
[EventType "swiss"]
[EventRounds "5"]
[EventCountry "CAN"]
[SourceTitle "EXT 2022"]
[Source "ChessBase"]
[SourceDate "2021.10.06"]
[SourceVersion "1"]
[SourceVersionDate "2021.10.06"]
[SourceQuality "1"]

1. d4 Nf6 2. c4 g6 3. Nc3 Bg7 4. e4 d6 5. Nf3 O-O 6. Be2 e5 7. O-O Nc6 8. d5 Ne7 9. Ne1 Nd7 10. Be3 f5 11. f3 f4 12. Bf2 g5 13. g4 h5 14. h3 Kf7 15. Nd3 Rh8 16. Kg2 Nf6 17. c5 Bd7 18. Rc1 Rh6 19. Qb3 Qh8 20. Rh1 Qh7 21. cxd6 cxd6 22. Nxe5+ dxe5 23. d6+ Kg6 24. dxe7 hxg4 25. hxg4 Rh8 26. Rhg1 Nxg4 27. fxg4 Rh2+ 28. Kf1 Rxf2+ 29. Kxf2 Qh4+ 30. Kf1 Qh3+ 31. Ke1 Qe3 32. Kd1 Qxg1+ 33. Kc2 Qe3 34. Qd5 Bc6 35. Qe6+ Bf6 36. Rd1 f3 37. Rd3 Qc5 38. Qf5+ Kg7 39. Rxf3 Qxe7 40. Rd3 Rh2 41. Qf3 Qc5 42. Qe3 Be7 43. Qxc5 Bxc5 44. Kb3 Bd4 45. Bf3 b5 46. a3 a5 47. Rd1 b4 48. axb4 axb4 49. Ne2 Rh3 50. Nxd4 exd4 51. Rd3 Bb5 52. Rxd4 Rxf3+ 53. Kxb4 Bc6 54. Kc5 Ba8 55. Ra4 Bb7 56. e5 Kf7 57. Kd6 Rd3+ 58. Kc7 Rb3 59. e6+ Kxe6 60. Ra5 Kf6 61. Rf5+ Kg6 62. Rf2 Rb4 63. Rd2 Bf3 64. Rd6+ Kf7 65. Rd7+ Ke6 66. Rg7 Rb7+ 0-1

[Event "Quebec-ch classe"]
[Site "Montreal CAN"]
[Date "2012.01.21"]
[Round "2"]
[White "Hebert, Jean"]
[Black "Lepine, Cedric"]
[Result "1-0"]
[WhiteElo "2412"]
[BlackElo "2068"]
[PlyCount "59"]
[GameId "2160767909572717"]
[EventDate "2012.01.20"]
[EventType "swiss"]
[EventRounds "5"]
[EventCountry "CAN"]
[SourceTitle "EXT 2022"]
[Source "ChessBase"]
[SourceDate "2021.10.06"]
[SourceVersion "1"]
[SourceVersionDate "2021.10.06"]
[SourceQuality "1"]

1. d4 Nf6 2. Nf3 g6 3. c4 Bg7 4. Nc3 O-O 5. Bf4 d6 6. h3 Re8 7. e3 Nbd7 8. Be2 c5 9. O-O b6 10. d5 a6 11. a4 Nh5 12. Bh2 Ne5 13. Nxe5 dxe5 14. Bxh5 gxh5 15. e4 Qd6 16. Qxh5 Qg6 17. Qxg6 hxg6 18. a5 Rb8 19. axb6 Rxb6 20. Na4 Rb4 21. Rfc1 e6 22. Nxc5 exd5 23. cxd5 Bf8 24. f3 Bxc5+ 25. Rxc5 Rxb2 26. Bxe5 Rxe5 27. Rxc8+ Kg7 28. Rxa6 Rb1+ 29. Kh2 Rb2 30. Rac6 1-0

[Event "Quebec-ch classe"]
[Site "Montreal CAN"]
[Date "2012.01.21"]
[Round "2"]
[White "Kraiouchkine, Nikita"]
[Black "Kovalyov, Anton"]
[Result "0-1"]
[WhiteElo "2331"]
[BlackElo "2599"]
[PlyCount "58"]
[GameId "2160767909572718"]
[EventDate "2012.01.20"]
[EventType "swiss"]
[EventRounds "5"]
[EventCountry "CAN"]
[SourceTitle "hb 2012"]

1. e4 c5 2. Nf3 d6 3. d4 cxd4 4. Nxd4 Nf6 5. Nc3 a6 6. Be3 e5 7. Nb3 Be6 8. f3 h5 9. Qd2 Nbd7 10. Be2 Qc7 11. Bg5 Be7 12. f4 b5 13. Bf3 Rc8 14. O-O Nb6 15. f5 Bd7 16. Bxf6 Bxf6 17. Nd5 Nxd5 18. Qxd5 a5 19. a4 bxa4 20. Nc1 Qb6+ 21. Kh1 Rxc2 22. Bd1 Rc5 23. Qa2 Qb5 24. Re1 Bh4 25. g3 Bg5 26. Ne2 Bd2 27. Rf1 Qd3 28. Qb1 Qxb1 29. Rxb1 Bc6 0-1

[Event "Quebec-ch classe"]
[Site "Montreal CAN"]
[Date "2012.01.21"]
[Round "2"]
[White "Libersan, Thierry"]
[Black "Hirth, Julien"]
[Result "0-1"]
[WhiteElo "2118"]
[BlackElo "2058"]
[PlyCount "56"]
[GameId "2160767909572719"]
[EventDate "2012.01.20"]
[EventType "swiss"]
[EventRounds "5"]
[EventCountry "CAN"]
[SourceTitle "EXT 2022"]
[Source "ChessBase"]
[SourceDate "2021.10.06"]
[SourceVersion "1"]
[SourceVersionDate "2021.10.06"]
[SourceQuality "1"]

1. e4 c5 2. Nf3 Nc6 3. Bb5 g6 4. O-O Bg7 5. Nc3 e5 6. d3 Nge7 7. Re1 O-O 8. a3 d6 9. h3 h6 10. Bc4 Kh7 11. Rb1 f5 12. b4 Nd4 13. Nxd4 cxd4 14. Nd5 Nxd5 15. exd5 Qh4 16. f3 Bd7 17. Bd2 Rae8 18. b5 e4 19. dxe4 fxe4 20. Rxe4 Rxe4 21. fxe4 Bxh3 22. Qe2 Bg4 23. Qe1 Qh5 24. Bf1 Be5 25. g3 Bf3 26. Bg2 Qg4 27. Rb3 Bxg3 28. Bxf3 Rxf3 0-1

[Event "Quebec-ch classe"]
[Site "Montreal CAN"]
[Date "2012.01.21"]
[Round "2"]
[White "Lopez Linares, Lizandro"]
[Black "Trottier, Emile"]
[Result "1/2-1/2"]
[WhiteElo "2065"]
[BlackElo "2096"]
[PlyCount "70"]
[GameId "2160767909572720"]
[EventDate "2012.01.20"]
[EventType "swiss"]
[EventRounds "5"]
[EventCountry "CAN"]
[SourceTitle "EXT 2022"]
[Source "ChessBase"]
[SourceDate "2021.10.06"]
[SourceVersion "1"]
[SourceVersionDate "2021.10.06"]
[SourceQuality "1"]

1. d4 e6 2. g3 f5 3. Bg2 Nf6 4. c4 d5 5. Nf3 c6 6. O-O Bd6 7. b3 O-O 8. Ba3 Bxa3 9. Nxa3 Bd7 10. Qc1 Be8 11. Qb2 Nbd7 12. b4 a6 13. c5 Bh5 14. Nc2 Qc7 15. Nce1 Bxf3 16. exf3 e5 17. Nd3 Rae8 18. dxe5 Nxe5 19. Nf4 g5 20. Ne2 Nh5 21. Nd4 f4 22. g4 Ng7 23. Rfd1 h5 24. h3 hxg4 25. hxg4 Kf7 26. Qc2 Qe7 27. a4 Rh8 28. b5 Nc4 29. bxc6 bxc6 30. Bf1 Qxc5 31. Nf5 Ne5 32. Qxc5 Nxf3+ 33. Kg2 Nxf5 34. gxf5 g4 35. Qa7+ Kg8 1/2-1/2